000 00345nam a2200145Ia 4500
003 OSt
005 20231227104245.0
008 170524s9999 xx 000 0 und d
020 _a9788184350555
040 _cIIMT UNIVERSITY
100 _aDASH- AJAY
245 0 _aBASIC CONCEPT OF JOURNALISM
260 _bNEW DELHI: DISCOVERY
942 _2ddc
_c01
999 _c9317
_d9317